Countries Bordering "I"-Countries - Sudden Death - Statistics

General Stats
  • This quiz has been taken 214 times
  • The average score is 9 of 12
Answers on the Grid
Answers color-coded by a green-red scale on the quiz's grid according to % correct below.
Bangladesh
Nepal
Papua New Guinea
Malaysia
Turkmenistan
Armenia
Kuwait
Syria
United Kingdom
Egypt
San Marino
Austria
Brazil
Costa Rica
Angola
Lesotho
Sweden
Dominican Republic
Tajikistan
Palau
 
Answer Stats
Answer % Correct
Ireland United Kingdom
92%
Italy San Marino
90%
India Nepal
87%
India Bangladesh
86%
Indonesia Malaysia
83%
Indonesia Papua New Guinea
82%
Iraq, Israel Syria
82%
Iraq Kuwait
76%
Israel Egypt
66%
Italy Austria
64%
Iran Turkmenistan
62%
Iran Armenia
49%
No matching quizzes found
Score Distribution
Percent of People with Each Score
Percentile by Number Answered
Your Score History
You have not taken this quiz